<?xml version="1.0" encoding="UTF-8"?>
<record
    xmlns:xsi="http://www.w3.org/2001/XMLSchema-instance"
    xsi:schemaLocation="http://www.loc.gov/MARC21/slim http://www.loc.gov/standards/marcxml/schema/MARC21slim.xsd"
    xmlns="http://www.loc.gov/MARC21/slim">

  <leader>00998nam a22002897a 4500</leader>
  <controlfield tag="001">4486</controlfield>
  <controlfield tag="003">FISKH</controlfield>
  <controlfield tag="005">20250303095902.0</controlfield>
  <controlfield tag="008">240912b        cb ||||| |||| 00| 0 eng d</controlfield>
  <datafield tag="020" ind1=" " ind2=" ">
    <subfield code="a">9780439027021</subfield>
  </datafield>
  <datafield tag="040" ind1=" " ind2=" ">
    <subfield code="a">FISKH</subfield>
    <subfield code="b">eng</subfield>
    <subfield code="c">FISKH</subfield>
    <subfield code="d">FISKH</subfield>
  </datafield>
  <datafield tag="050" ind1=" " ind2=" ">
    <subfield code="a">PZ7.R4829</subfield>
  </datafield>
  <datafield tag="082" ind1=" " ind2=" ">
    <subfield code="2">813.54</subfield>
  </datafield>
  <datafield tag="100" ind1=" " ind2=" ">
    <subfield code="a">Riordan, Rick</subfield>
    <subfield code="d">1964-</subfield>
  </datafield>
  <datafield tag="245" ind1=" " ind2=" ">
    <subfield code="a">The sea of monster percy jackson &amp; the olympians /</subfield>
    <subfield code="c">Rick Riordan</subfield>
  </datafield>
  <datafield tag="250" ind1=" " ind2=" ">
    <subfield code="a">First printing in 2007</subfield>
  </datafield>
  <datafield tag="260" ind1=" " ind2=" ">
    <subfield code="a">New York :</subfield>
    <subfield code="b">Scholastic,</subfield>
    <subfield code="c">2007.</subfield>
  </datafield>
  <datafield tag="300" ind1=" " ind2=" ">
    <subfield code="a">282 pages :</subfield>
    <subfield code="c">20 cm</subfield>
  </datafield>
  <datafield tag="505" ind1=" " ind2=" ">
    <subfield code="a">P
</subfield>
  </datafield>
  <datafield tag="520" ind1=" " ind2=" ">
    <subfield code="a">Demi-god Percy Jackson and his friends must journey into the Sea of Monsters to save their camp. But first Percy will discover a secret that makes him wonder whether being claimed as Poseidon's son is an honor or a cruel joke.</subfield>
  </datafield>
  <datafield tag="521" ind1="8" ind2=" ">
    <subfield code="a">680L
</subfield>
    <subfield code="b">Lexile
</subfield>
  </datafield>
  <datafield tag="521" ind1="8" ind2=" ">
    <subfield code="a">P
</subfield>
    <subfield code="b">Raz-Plus
</subfield>
  </datafield>
  <datafield tag="650" ind1=" " ind2=" ">
    <subfield code="2">Fiction</subfield>
    <subfield code="a">Greek mythology</subfield>
    <subfield code="v">Friendship</subfield>
  </datafield>
  <datafield tag="650" ind1=" " ind2=" ">
    <subfield code="2">Adventure</subfield>
    <subfield code="a">Young adult</subfield>
  </datafield>
  <datafield tag="942" ind1=" " ind2=" ">
    <subfield code="2">ddc</subfield>
    <subfield code="c">BK</subfield>
    <subfield code="n">0</subfield>
  </datafield>
  <datafield tag="999" ind1=" " ind2=" ">
    <subfield code="c">4486</subfield>
    <subfield code="d">4486</subfield>
  </datafield>
  <datafield tag="952" ind1=" " ind2=" ">
    <subfield code="0">0</subfield>
    <subfield code="1">0</subfield>
    <subfield code="2">ddc</subfield>
    <subfield code="4">0</subfield>
    <subfield code="7">0</subfield>
    <subfield code="8">JUVF</subfield>
    <subfield code="a">001</subfield>
    <subfield code="b">001</subfield>
    <subfield code="c">TTP Orange</subfield>
    <subfield code="d">2024-09-12</subfield>
    <subfield code="l">0</subfield>
    <subfield code="o">RIO 813.54 PZ7.R4829</subfield>
    <subfield code="p">2024-1918</subfield>
    <subfield code="r">2024-09-12 09:12:19</subfield>
    <subfield code="t">1</subfield>
    <subfield code="w">2024-09-12</subfield>
    <subfield code="y">BK</subfield>
  </datafield>
  <datafield tag="952" ind1=" " ind2=" ">
    <subfield code="0">0</subfield>
    <subfield code="1">0</subfield>
    <subfield code="2">ddc</subfield>
    <subfield code="4">0</subfield>
    <subfield code="7">0</subfield>
    <subfield code="8">JUVF</subfield>
    <subfield code="a">001</subfield>
    <subfield code="b">001</subfield>
    <subfield code="c">TTP Orange</subfield>
    <subfield code="d">2025-03-03</subfield>
    <subfield code="l">2</subfield>
    <subfield code="o">RIO 813.54 PZ7.R4829</subfield>
    <subfield code="p">2025-0712</subfield>
    <subfield code="r">2026-02-04 13:06:00</subfield>
    <subfield code="s">2025-12-10</subfield>
    <subfield code="t">2</subfield>
    <subfield code="w">2025-03-03</subfield>
    <subfield code="y">BK</subfield>
  </datafield>
</record>
